| 000 | 01709cam a22003733a 4500 | ||
|---|---|---|---|
| 001 | |||
| 003 | DO-SdBNP | ||
| 005 | 20230208070730.0 | ||
| 008 | 970915s1997 dr b 010 0 spa d | ||
| 010 | _a | ||
| 020 | _a9768156473 | ||
| 040 |
_aBPMSU _bspa _cBPMSU _d _d |
||
| 082 | 4 |
_a923.7 _bU75V 1997 _222 |
|
| 100 | 1 |
_aVicioso, Sherezada, _d1948- |
|
| 245 | 1 | 0 |
_aSalomé Ureña de Henríquez (1850-1897) : _ba cien años de un magisterio / _cSherezada Vicioso (Chiqui). |
| 250 | _a | ||
| 260 |
_aSanto Domingo, República Dominicana : _bComisión Permanente de la Feria Nacional del Libro, _c1997. |
||
| 300 |
_a48 p. ; _c21 cm. |
||
| 500 | _a"Edición especial de la XXIV Feria Nacional del Libro, Salomé Ureña de Henríquez, 1997." | ||
| 500 | _aIncluye datos biográficos del autora en al contracubierta | ||
| 500 | _a"Centenario de Salomé Ureña de Henríquez." | ||
| 500 | _aIncluye referencias bibliográficas y notas al pie de las páginas | ||
| 504 | _aBiblografía : (p. 47-48). | ||
| 505 | _aLa República Dominicana de Salomé -- Praxis poética -- El positivismo -- La creación del Instituto de Señoritas Salomé Ureña de Henríquez -- Referencias. | ||
| 590 | _6Inventariado, 2021/VM | ||
| 600 | 1 | 4 |
_aUreña de Henríquez, Salomé, _d1850-1897. _xCrtica e interpretación |
| 610 | 2 | 4 | _aInstituto de Señoritas Salomé Ureña (República Dominicana) |
| 650 | 4 |
_aPoesía dominicana _xMujeres autoras _xHistoria y crítica |
|
| 650 | 4 | _aLiteratura dominicana | |
| 650 | 4 |
_aMujeres _xEducación _zRepública Dominicana _xHistoria |
|
| 711 | 2 |
_aFeria Nacional del Libro _n(24 : _d1997 : _cSanto domingo ) |
|
| 910 | _aVMateoV.Control de calidad | ||
| 942 |
_2ddc _cBK |
||
| 999 |
_c13456 _d13456 |
||